=LDR 00000nam 2200000 4500 =001 INLIS000000000029798 =005 20130612132012 =008 ***********************************Ind** =035 ##$$0010-061300000029798 =041 ##$$a Ind =082 ##$$a 621.3 =090 ##$$a 621.3, Sig m =100 ##$$a Sigalingging, Karmon =245 ##$$a Matematika teknik listrik I/Karmon Sigalingging =260 ##$$a 1994 $b Bandung =300 ##$$a vi, 132 hlm, ilus, 22 cm =650 ##$$a Matematika =850 ##$$a NBPNMAT =990 ##$$a 0001/BPAP-NTB/2016